LEADER 02171nam 22006014a 450 001 9910451810603321 005 20200520144314.0 010 $a1-280-76432-5 010 $a9786610764327 010 $a0-309-66702-X 035 $a(CKB)1000000000471536 035 $a(OCoLC)122257538 035 $a(CaPaEBR)ebrary10161080 035 $a(SSID)ssj0000163337 035 $a(PQKBManifestationID)11171635 035 $a(PQKBTitleCode)TC0000163337 035 $a(PQKBWorkID)10108503 035 $a(PQKB)10303886 035 $a(MiAaPQ)EBC3378192 035 $a(Au-PeEL)EBL3378192 035 $a(CaPaEBR)ebr10161080 035 $a(CaONFJC)MIL76432 035 $a(OCoLC)923276632 035 $a(EXLCZ)991000000000471536 100 $a20070417d2007 uy 0 101 0 $aeng 135 $aurcn||||||||| 181 $ctxt 182 $cc 183 $acr 200 10$aGlobal environmental health in the 21st century$b[electronic resource] $efrom governmental regulation to corporate social responsibility : a workshop summary /$fMyron Harrison and Christine Coussens, rapporteurs ; Roundtable on Environmental Health Sciences, Research, and Medicine, Board on Population Health and Public Health Practice, Institute of Medicine of the National Academies 210 $aWashington, DC $cNational Academies Press$dc2007 215 $a1 online resource (125 p.) 300 $aBibliographic Level Mode of Issuance: Monograph 311 $a0-309-10380-0 320 $aIncludes bibliographical references (p. 96-98). 606 $aEnvironmental health$vCongresses 606 $aIndustrial hygiene$vCongresses 606 $aChemical industry$xHealth aspects$vCongresses 608 $aElectronic books. 615 0$aEnvironmental health 615 0$aIndustrial hygiene 615 0$aChemical industry$xHealth aspects 676 $a362.196/98 701 $aHarrison$b Myron$01044121 701 $aCoussens$b Christine$0856206 801 0$bMiAaPQ 801 1$bMiAaPQ 801 2$bMiAaPQ 906 $aBOOK 912 $a9910451810603321 996 $aGlobal environmental health in the 21st century$92469566 997 $aUNINA LEADER 02999nam 2200541 450 001 9910797837703321 005 20230911171435.0 010 $a1-4766-0867-9 035 $a(CKB)3710000000513605 035 $a(EBL)4390720 035 $a(SSID)ssj0001645884 035 $a(PQKBManifestationID)16414581 035 $a(PQKBTitleCode)TC0001645884 035 $a(PQKBWorkID)14954721 035 $a(PQKB)10807985 035 $a(MiAaPQ)EBC4390720 035 $a(EXLCZ)993710000000513605 100 $a20160219h20002000 uy 0 101 0 $aeng 135 $aur|n|---||||| 181 $ctxt$2rdacontent 182 $cc$2rdamedia 183 $acr$2rdacarrier 200 14$aThe 25 greatest baseball teams of the 20th century ranked /$fChris Holaday and Marshall Adesman 210 1$aJefferson, N.C. ;$aLondon :$cMcFarland & Company, Inc., Publishers,$d2000. 210 4$dİ2000 215 $a1 online resource (x, 251 pages) $cillustrations 311 0 $a0-7864-0925-8 320 $aIncludes bibliographical references and index. 327 $aCover; Acknowledgments; Contents; Preface ; The Teams ; 1906-08 Chicago Cubs; 1910-14 Philadelphia Athletics ; 1912 Boston Red Sox ; 1921-23 New York Yankees ; 1921-24 New York Giants ; 1926-28 New York Yankees ; 1929-31 Philadelphia Athletics ; 1934-35 Detroit Tigers ; 1936-39 New York Yankees 327 $a1939-40 Cincinnati Reds ; 1942-46 St. Louis Cardinals ; 1949-53 New York Yankees ; 1949-56 Brooklyn Dodgers ; 1954 Cleveland Indians ; 1960 Pittsburgh Pirates ; 1960-64 New York Yankees ; 1967-68 St. Louis Cardinals ; 1969 New York Mets; 1969-71 Baltimore Orioles ; 1972-74 Oakland Athletics 327 $a1975-76 Cincinnati Reds ; 1976-78 New York Yankees ; 1984 Detroit Tigers ; 1990s Atlanta Braves ; 1996-99 New York Yankees ; The Rankings ; Bibliography ; Index 330 $a""A gem""--The Diamond Angle; ""outstanding...thorough, interesting""--One More Inning; ""each team is described in detail--ARBA; ""read and enjoy""--Public Library Quarterly. There were so many great teams in the last century, it would be hard to compile a list of the 25 best--much less rank those clubs--but that's what the authors have done! This is an endlessly fascinating tome, sure to prompt spirited discussions around the water cooler or above the dugout. Let the arguments (and the fun!) begin! 517 3 $aTwenty-five greatest baseball teams of the twentieth century ranked 606 $aBaseball teams 606 $aBaseball players$xRating of 615 0$aBaseball teams. 615 0$aBaseball players$xRating of. 676 $a796.3570973 700 $aHoladay$b J. Chris$f1966-$01238177 702 $aAdesman$b Marshall$f1949- 801 0$bMiAaPQ 801 1$bMiAaPQ 801 2$bMiAaPQ 906 $aBOOK 912 $a9910797837703321 996 $aThe 25 greatest baseball teams of the 20th century ranked$93825153 997 $aUNINA